Textbook of human anatomy (Запись № 10288585)

Подробности
000 -МАРКЕР
контрольное поле 01704nam1a2200337 4500
001 - ИДЕНТИФИКАТОР ЗАПИСИ
контрольное поле RU\NLR\BIBL_A\010830990
005 - ИДЕНТИФИКАТОР ВЕРСИИ
контрольное поле 20260406100445.0
010 ## - МЕЖДУНАРОДНЫЙ СТАНДАРТНЫЙ НОМЕР КНИГИ (ISBN)
Номер (ISBN) 978-5-7864-0209-5
Тираж 500
035 ## - ДРУГИЕ СИСТЕМНЫЕ НОМЕРА
Идентификатор записи (NLR Aleph) 010830990
100 ## - ДАННЫЕ ОБЩЕЙ ОБРАБОТКИ
Данные общей обработки 20150805d2015 k y0rusy50 ca
101 0# - ЯЗЫК РЕСУРСА
Язык текста, звукозаписи и т.д. английский
Язык резюме русский
102 ## - СТРАНА ПУБЛИКАЦИИ ИЛИ ПРОИЗВОДСТВА
Страна публикации российская федерация
105 ## - ПОЛЕ КОДИРОВАННЫХ ДАННЫХ: ТЕКСТОВЫЕ МАТЕРИАЛЫ, МОНОГРАФИЧЕСКИЕ
Кодированные данные о монографическом текстовом документе ||||j |||||
200 1# - ЗАГЛАВИЕ И СВЕДЕНИЯ ОБ ОТВЕТСТВЕННОСТИ
Основное заглавие Textbook of human anatomy
Сведения, относящиеся к заглавию for medical students
-- учебное пособие для студентов медицинских вузов, обучающихся на английском языке
-- in 2 vol.
Первые сведения об ответственности M.R. Sapin, L.I. Kolesnikov, D.B. Nikitjuk
205 ## - СВЕДЕНИЯ ОБ ИЗДАНИИ
Сведения об издании [2nd ed.]
210 ## - ПУБЛИКАЦИЯ, РАСПРОСТРАНЕНИЕ И ДР.
Место издания, распространения и т.д. Moscow
Имя издателя, распространителя и т. д. New wave
Дата издания, распространения и т.д. 2015
215 ## - ФИЗИЧЕСКАЯ ХАРАКТЕРИСТИКА
Размеры 22
300 ## - ОБЩИЕ ПРИМЕЧАНИЯ
Текст примечания В вып. дан.: Анатомия человека: учебное пособие для студентов медицинских вузов / М.Р. Сапин, Л.Л. Колесников, Д.Б. Никитюк
300 ## - ОБЩИЕ ПРИМЕЧАНИЯ
Текст примечания Рез. на англ. яз.
517 1# - ДРУГИЕ ВАРИАНТЫ ЗАГЛАВИЯ
Вариант заглавия Анатомия человека
Сведения, относящиеся к заглавию учебное пособие для студентов медицинских вузов
606 1# - НАИМЕНОВАНИЕ ТЕМЫ КАК ПРЕДМЕТ
Наименование темы Человек
Формальный подзаголовок Учебные издания для высших учебных заведений
Тематический подзаголовок Анатомия
Системный номер авторитетной/нормативной записи 2080069
Идентификатор авторитетной/нормативной записи RU\NLR\AUTH\661255980
686 1# - ИНДЕКСЫ ДРУГИХ КЛАССИФИКАЦИЙ
Индекс Е860я732Р
700 #1 - ИМЯ ЛИЦА - ПЕРВИЧНАЯ ОТВЕТСТВЕННОСТЬ
Графика поля Латинская
Материалы, к которым относится поле rus
Начальный элемент ввода Sapin
Часть имени, кроме начального элемента ввода M. R.
Даты 1925-2015
Расширение инициалов личного имени Michail Romanovič
Идентификатор авторитетной/нормативной записи RU\NLR\AUTH\770288923
Системный номер авторитетной/нормативной записи 2693646
701 #1 - ИМЯ ЛИЦА - АЛЬТЕРНАТИВНАЯ ОТВЕТСТВЕННОСТЬ
Начальный элемент ввода Kolesnikov
Часть имени, кроме начального элемента ввода L. L.
Расширение инициалов личного имени Lev L'vovič
701 #1 - ИМЯ ЛИЦА - АЛЬТЕРНАТИВНАЯ ОТВЕТСТВЕННОСТЬ
Графика поля Латинская
Материалы, к которым относится поле rus
Начальный элемент ввода Nikitjuk
Часть имени, кроме начального элемента ввода D. B.
Даты 1962-
Расширение инициалов личного имени Dmitrij Borisovič
Идентификатор авторитетной/нормативной записи RU\NLR\AUTH\770183153
Системный номер авторитетной/нормативной записи 183102
852 ## - МЕСТОНАХОЖДЕНИЕ И ШИФР ХРАНЕНИЯ
Идентификатор организации NLR
Шифр хранения (Call Number) 2015-5/354
942 ## - ДОПОЛНИТЕЛЬНЫЕ ЭЛЕМЕНТЫ ЗАПИСИ (АБИС)
Тип экземпляра АБИС Книга
980 ## - КОЛЛЕКЦИЯ
Название коллекции Национальная библиография

Нет доступных экземпляров.